00517nam a2200181Ia 4500999001500000003000400015005001700019008004100036020001500077040000900092082002000101100002100121245008100142250001200223260004300235300001100278942004600289 c6032d6032OSt20200116142042.0190216s9999||||xx |||||||||||||| ||und|| a8176636886 coclc a658.1511bSHA/M aSharma, R K9376 0aManagement Accounting Principles And Practice /cR K Sharma ; Shashi K Gupta a8th ed. bKalyani Publishers,c2001.aNew Delhi: a36.12p cBK2ddch658.1511iSHA/Mk658.1511mSHA/M